00818nam a2200217 u 450000100100000000500170001000800410002704000250006808200150009310000430010824500820015126000350023330000190026849000320028750000420031950000220036170000430038383000380042695201190046499900170058300001623520200929164330.0100301s1940 sp r 000 0 spa d aDO-SdBNPbspacBNPHU axxxbC336c1 aCascales, Franciscod1564- 164293628910aCartas Filológicas /cFrancisco Cascales; edición Justo García Soriano. aMadrid :bEspasa-Calpe,c1940. aT. 2 ;c18 cm.1 aClásicos Castellanosv117 aIncluye notas al pie de las páginas aIncluye índices1 aGarcía Soriano, JustocEditor936290 0aClásicos Castellanosv11794180 001052708MOaGRbGRcCTd2010-03-01iLF1l0oxxx C336cp16235-10r2020-06-25w2020-06-25y2ZPréstamo interno c15773d15773